[Event "24th Abu Dhabi Masters"]
[Site "Abu Dhabi UAE"]
[Date "2017.08.19"]
[Round "6.40"]
[White "Fernandez Borrego, Pablo"]
[Black "Shailesh, Dravid"]
[Result "0-1"]
[WhiteTitle "FM"]
[WhiteElo "2427"]
[BlackElo "2254"]
[WhiteFideId "2258285"]
[BlackFideId "25017969"]
[EventDate "2017.08.14"]

1. e4 c5 2. Nf3 d6 3. d4 cxd4 4. Nxd4 Nf6 5. Nc3 Nc6 6. Bg5 e6 7. Qd2 a6 8.
O-O-O Bd7 9. f4 b5 10. Qe1 Nxd4 11. Rxd4 Qb6 12. Rd3 b4 13. Nd5 exd5 14. exd5+
Kd8 15. Re3 Kc7 16. Bxf6 gxf6 17. Re4 a5 18. Bd3 f5 19. Rc4+ Kb7 20. Qh4 Qe3+
21. Kd1 Re8 22. Qf6 Rg8 23. Qxf7 Rg7 0-1

[Event "24th Abu Dhabi Masters"]
[Site "Abu Dhabi UAE"]
[Date "2017.08.19"]
[Round "6.41"]
[White "Fadeev, Semen"]
[Black "Rajdeep, Sarkar"]
[Result "0-1"]
[BlackTitle "FM"]
[WhiteElo "2161"]
[BlackElo "2360"]
[WhiteFideId "4177738"]
[BlackFideId "25007963"]
[EventDate "2017.08.14"]

1. d4 e6 2. e4 d5 3. Nd2 c5 4. exd5 Qxd5 5. Ngf3 cxd4 6. Bc4 Qd7 7. O-O Nc6 8.
Nb3 Nf6 9. Nbxd4 Nxd4 10. Nxd4 a6 11. Be3 Bd6 12. Qe2 O-O 13. Rad1 Qc7 14. h3 b5
15. Bb3 Bb7 16. Bc1 Rfe8 17. c4 bxc4 18. Qxc4 Qxc4 19. Bxc4 Rac8 20. b3 Nd5 21.
Ne2 Bb8 22. Bb2 Nb6 23. Bd3 Red8 24. Bb1 Nd5 25. Rd2 Bd6 26. Rc1 Rb8 27. Rdd1 a5
28. Bd3 Nb4 29. Bb1 Bd5 30. Bd4 a4 31. bxa4 Nc6 32. Bc5 Rxb1 33. Rxb1 Bxc5 34.
Rbc1 Be7 35. Rxd5 exd5 36. Rxc6 d4 37. Rc1 d3 38. Ng3 Bb4 39. Rd1 d2 40. Nf1 Re8
41. Ne3 f5 42. Kf1 f4 43. Nc2 Ba5 44. f3 Kf7 45. Kf2 Re5 46. g3 fxg3+ 47. Kxg3
Re1 48. Nxe1 dxe1=Q+ 49. Rxe1 Bxe1+ 50. Kf4 Kf6 51. Ke4 Kg5 52. Ke5 Kh4 53. Ke6
Kxh3 54. Kf7 Kg3 0-1

[Event "24th Abu Dhabi Masters"]
[Site "Abu Dhabi UAE"]
[Date "2017.08.19"]
[Round "6.42"]
[White "Sadhwani, Raunak"]
[Black "Gurpreet, Singh Maras"]
[Result "1-0"]
[WhiteTitle "FM"]
[WhiteElo "2359"]
[BlackElo "2247"]
[WhiteFideId "35093487"]
[BlackFideId "5014433"]
[EventDate "2017.08.14"]

1. e4 Nf6 2. e5 Nd5 3. d4 d6 4. Nf3 g6 5. Bc4 Nb6 6. Bb3 Bg7 7. Qe2 Nc6 8. O-O
O-O 9. e6 d5 10. exf7+ Rxf7 11. Qe3 Nc4 12. Bxc4 dxc4 13. c3 Qd5 14. Re1 Bg4 15.
Nbd2 Raf8 16. h3 Bd7 17. Qe4 Qh5 18. Qh4 Qxh4 19. Nxh4 e5 20. d5 Ne7 21. Nxc4
Nxd5 22. Nxe5 Re7 23. Nhf3 Rfe8 24. Nd3 Rxe1+ 25. Nfxe1 c5 26. Nf3 c4 27. Nf4
Nxf4 28. Bxf4 Bxh3 29. gxh3 Rf8 30. Be3 Rxf3 31. Kg2 Rf5 32. Rd1 b6 33. f4 Rf7
34. Kf3 Kf8 35. Rd8+ Ke7 36. Rc8 Kd6 37. Rxc4 g5 38. Ke4 Re7+ 39. Kd3 gxf4 40.
Bxf4+ Be5 41. Be3 Rf7 42. Rh4 Bg3 43. Rh6+ Kc7 44. Rh5 Kc6 45. Bd4 Bh2 46. Kc4
Bf4 47. Rh4 Bc1 48. Kb3 Bf4 49. Kc2 Bg5 50. Rg4 Bh6 51. a4 Bf8 52. Rg5 Rf3 53.
Rh5 Rf7 54. b4 Be7 55. Kb3 Bf8 56. Kc4 Rd7 57. a5 Kb7 58. axb6 axb6 59. Kb5 Rc7
60. Bxb6 Rxc3 61. Rxh7+ 1-0

[Event "24th Abu Dhabi Masters"]
[Site "Abu Dhabi UAE"]
[Date "2017.08.19"]
[Round "6.43"]
[White "Mahjoob Zardast, Morteza"]
[Black "Ayyad, Husain"]
[Result "1/2-1/2"]
[WhiteTitle "GM"]
[BlackTitle "FM"]
[WhiteElo "2354"]
[BlackElo "2208"]
[WhiteFideId "12500798"]
[BlackFideId "11200243"]
[EventDate "2017.08.14"]

1. Nf3 Nf6 2. c4 e6 3. g3 d5 4. d4 b6 5. Bg2 Bd6 6. O-O O-O 7. Nc3 Bb7 8. cxd5
exd5 9. Nb5 Qd7 10. Nxd6 cxd6 11. Bf4 Nc6 12. Qa4 Rfe8 13. Rfe1 h6 14. Rac1 a6
15. Qa3 Ne4 16. Rc2 b5 17. Rec1 Rac8 18. Be3 a5 19. Ne1 a4 20. Nd3 Na5 21. Rxc8
Rxc8 22. Rxc8+ Bxc8 23. Qb4 Nc4 24. Bc1 Qc6 25. f3 Nf6 26. Qc3 Bf5 27. Nb4 Qb6
28. g4 Be6 29. e3 Qb7 30. h3 Ne8 31. b3 axb3 32. axb3 Na5 33. Bd2 Qc7 34. Qb2
Nc6 35. Qc2 Nxb4 36. Qxc7 Nxc7 37. Bxb4 Ne8 38. Kf2 Kf8 39. Bf1 Bd7 40. Ke1 Ke7
41. Ba5 f5 42. Kd2 fxg4 43. hxg4 g6 44. Ke1 h5 45. gxh5 gxh5 46. Kf2 Ng7 47. Kg3
Nf5+ 48. Kf4 h4 49. Be1 Kf6 50. b4 Kg6 51. Bd3 h3 52. Bg3 Kf6 53. Bf1 Ng7 54.
Bh4+ Kg6 55. Bd3+ Bf5 56. Bxf5+ Nxf5 57. Bg3 Nh4 58. Kg4 Nf5 59. Kf4 Nh4 60. e4
Ng2+ 61. Kg4 Ne1 62. exd5 Nc2 63. Bxd6 Nxb4 64. Kxh3 Nxd5 65. Kg4 b4 66. f4 Ne3+
67. Kf3 b3 68. Ba3 Nc4 69. Bc1 Kf5 70. d5 b2 71. Bxb2 Nxb2 1/2-1/2

[Event "24th Abu Dhabi Masters"]
[Site "Abu Dhabi UAE"]
[Date "2017.08.19"]
[Round "6.44"]
[White "Harshal, Shahi"]
[Black "Gu, Xiaobing"]
[Result "0-1"]
[WhiteTitle "FM"]
[BlackTitle "WGM"]
[WhiteElo "2130"]
[BlackElo "2347"]
[WhiteFideId "5048257"]
[BlackFideId "8602611"]
[EventDate "2017.08.14"]

1. e4 c5 2. Nf3 d6 3. d4 cxd4 4. Nxd4 Nf6 5. Nc3 a6 6. Be3 e5 7. Nf3 Be7 8. Bc4
O-O 9. O-O Nc6 10. Re1 Na5 11. Bb3 Nxb3 12. axb3 h6 13. Nd2 b5 14. f3 Bb7 15.
Bf2 d5 16. exd5 Nxd5 17. Nxd5 Qxd5 18. c4 Qe6 19. c5 Rfd8 20. Qc2 a5 21. Qc3 b4
22. Qc2 Rd5 23. Ra2 Qc6 24. Nc4 Bxc5 25. Nxe5 Bxf2+ 26. Qxf2 Qc7 27. Nc4 Rc5 28.
Qg3 Qc6 29. Raa1 Rg5 30. Qf4 Qg6 31. Ne5 Rxg2+ 32. Kh1 Qc2 33. Rg1 Rxg1+ 34.
Rxg1 Qxb3 35. Qf6 g6 36. Rxg6+ fxg6 37. Qxg6+ Kf8 38. Qd6+ Ke8 39. Qd7+ Kf8 40.
Ng6+ Kg8 41. Ne7+ Kg7 42. Qxb7 Qd1+ 43. Kg2 Qe2+ 44. Kh3 Qa6 45. Qe4 Rf8 46.
Qg4+ Kf7 47. Nd5 Qe6 0-1

[Event "24th Abu Dhabi Masters"]
[Site "Abu Dhabi UAE"]
[Date "2017.08.19"]
[Round "6.45"]
[White "Saurabh, Anand"]
[Black "Srija, Seshadri"]
[Result "1-0"]
[BlackTitle "WFM"]
[WhiteElo "2332"]
[BlackElo "2167"]
[WhiteFideId "5094496"]
[BlackFideId "5055903"]
[EventDate "2017.08.14"]

1. e4 e5 2. Nf3 Nc6 3. d4 exd4 4. Nxd4 Bb4+ 5. c3 Bc5 6. Nxc6 bxc6 7. Bd3 Qh4 8.
Qe2 Nf6 9. Be3 Bb6 10. Nd2 O-O 11. O-O Re8 12. c4 Bxe3 13. Qxe3 d5 14. Rae1 Bf5
15. f3 Bg6 16. Qc5 Nd7 17. Qf2 Qf6 18. b3 Qc3 19. Bb1 d4 20. Rc1 Qe3 21. c5 Rad8
22. Qxe3 dxe3 23. Nc4 f5 24. exf5 Bf7 25. Rfe1 e2 26. Be4 Nxc5 27. Rxe2 Bd5 28.
Nd2 Bxe4 29. Nxe4 Nd3 30. Rxc6 Nf4 31. Re1 Rd2 32. Nf6+ gxf6 33. Rxe8+ Kf7 34.
Rc8 Rxg2+ 35. Kf1 Rxa2 36. R6xc7# 1-0

[Event "24th Abu Dhabi Masters"]
[Site "Abu Dhabi UAE"]
[Date "2017.08.19"]
[Round "6.46"]
[White "Teh, Eu Wen Aron"]
[Black "Al Hosani, Omran"]
[Result "1-0"]
[WhiteTitle "FM"]
[BlackTitle "CM"]
[WhiteElo "2276"]
[BlackElo "2012"]
[WhiteFideId "5704723"]
[BlackFideId "9308733"]
[EventDate "2017.08.14"]

1. d4 Nf6 2. c4 c5 3. d5 e6 4. Nc3 exd5 5. cxd5 d6 6. Nf3 g6 7. g3 Bg7 8. Bg2
O-O 9. O-O a6 10. a4 Re8 11. Re1 Nbd7 12. Qc2 Rb8 13. a5 b5 14. axb6 Qxb6 15. h3
c4 16. Na4 Qc7 17. e4 Nb6 18. Nxb6 Rxb6 19. Ra4 Bd7 20. Qxc4 Qxc4 21. Rxc4 Bb5
22. Rb4 a5 23. Rb3 Nxe4 24. Bf1 Bxf1 25. Rxb6 Bc4 26. Rxe4 Rc8 27. Rxc4 Rxc4 28.
Rb8+ 1-0

[Event "24th Abu Dhabi Masters"]
[Site "Abu Dhabi UAE"]
[Date "2017.08.19"]
[Round "6.47"]
[White "Rayes, Abdul Kader"]
[Black "Mrudul, Dehankar"]
[Result "1-0"]
[BlackTitle "WCM"]
[WhiteElo "2259"]
[BlackElo "2155"]
[WhiteFideId "7600801"]
[BlackFideId "25096990"]
[EventDate "2017.08.14"]

1. d4 Nf6 2. g3 d5 3. Nf3 g6 4. c4 c6 5. cxd5 cxd5 6. Bg2 Bg7 7. O-O O-O 8. Ne5
Nc6 9. Nxc6 bxc6 10. Nc3 Bf5 11. Na4 Nd7 12. Bf4 e5 13. dxe5 Nxe5 14. Rc1 Rc8
15. b3 Qe7 16. Qd2 Bf6 17. Rfd1 Rfe8 18. h4 Nd7 19. Bf3 Ne5 20. Bg2 Nd7 21. Re1
Nf8 22. Nc5 Ne6 23. e4 Nxc5 24. exf5 Ne4 25. Bxe4 dxe4 26. fxg6 hxg6 27. Rc4 Qe6
28. Qc2 Qg4 29. Rcxe4 Rxe4 30. Rxe4 Rd8 31. Qe2 Qf5 32. Re8+ Rxe8 33. Qxe8+ Kg7
34. Qxc6 Bxh4 35. Be3 Bf6 36. Qa6 Qb1+ 37. Kh2 g5 38. Qa4 a6 39. Qxa6 Qh7+ 40.
Kg1 Qb1+ 41. Qf1 Qxa2 42. b4 Qb3 43. b5 Kg6 44. Qe2 Bb2 45. b6 f5 46. Bc5 f4 47.
gxf4 gxf4 48. Qg4+ Kh7 49. Qf5+ Kg7 50. Qg5+ Kh7 51. Qh4+ Kg6 52. Qg4+ Kh7 53.
Qf5+ Kg7 54. Qd7+ Kf6 55. Be7+ Ke5 56. b7 Qg8+ 57. Kh2 Qh8+ 58. Qh3 Qe8 59. Qh6
Ke4 60. Bd6 Qd8 1-0

[Event "24th Abu Dhabi Masters"]
[Site "Abu Dhabi UAE"]
[Date "2017.08.19"]
[Round "6.49"]
[White "Nandhidhaa, PV"]
[Black "Jeet, Jain"]
[Result "0-1"]
[WhiteTitle "WIM"]
[WhiteElo "2182"]
[BlackElo "2361"]
[WhiteFideId "5050847"]
[BlackFideId "5073022"]
[EventDate "2017.08.14"]

1. e4 e5 2. Nf3 Nc6 3. Nc3 Nf6 4. Bb5 Bb4 5. O-O O-O 6. d3 d6 7. Bg5 Ne7 8. Nh4
c6 9. Bc4 d5 10. exd5 cxd5 11. Bxf6 gxf6 12. Bb3 Bxc3 13. bxc3 Ng6 14. Qh5 Nf4
15. Qh6 Kh8 16. Kh1 a5 17. g3 Ng6 18. a4 Nxh4 19. Qxh4 f5 20. Rae1 f6 21. d4 e4
22. f3 Ra6 23. fxe4 dxe4 24. d5 Rd6 25. Qf4 Rg8 26. Rd1 Rg5 27. Qe3 b6 28. c4
Qc7 29. Rf4 Qc5 30. Re1 Kg7 31. Qd2 h5 32. Ref1 Bd7 33. Qe1 Qa3 34. Qa1 Qb4 35.
Re1 Bc8 36. Re3 Rg4 37. Rf2 Qc5 38. Qe1 Rg5 39. Qc3 Rd8 40. Rf4 Rf8 41. Re1 Rg4
42. Rff1 h4 43. gxh4 Rh8 44. Rg1 Rxh4 45. Qd2 Qd6 46. Qf2 Kf8 47. c3 Qf4 48.
Qxf4 Rxf4 49. Re2 Rf3 50. Reg2 Rg4 51. Rg3 Rf2 52. R1g2 Rxg3 53. Rxg3 Rb2 54.
Bd1 f4 55. Rg1 f3 56. Rg3 Rb1 0-1

[Event "24th Abu Dhabi Masters"]
[Site "Abu Dhabi UAE"]
[Date "2017.08.19"]
[Round "6.50"]
[White "Priyanka, Nutakki"]
[Black "Ashwath, R."]
[Result "1/2-1/2"]
[WhiteElo "2160"]
[BlackElo "2290"]
[WhiteFideId "25049615"]
[BlackFideId "5021049"]
[EventDate "2017.08.14"]

1. d4 d5 2. c4 e6 3. Nc3 Bb4 4. Nf3 Nf6 5. Qa4+ Nc6 6. Bg5 O-O 7. e3 a6 8. Qc2
Be7 9. a3 h6 10. Bh4 dxc4 11. Bxc4 b5 12. Bd3 Bb7 13. O-O Nb8 14. Bxf6 Bxf6 15.
Ne4 Nd7 16. Rac1 Rc8 17. Rfd1 Be7 18. b4 f5 19. Ned2 Bd6 20. e4 fxe4 21. Bxe4
Bd5 22. h3 c6 23. Re1 Nb6 1/2-1/2

[Event "24th Abu Dhabi Masters"]
[Site "Abu Dhabi UAE"]
[Date "2017.08.19"]
[Round "6.51"]
[White "Pujari, Rucha"]
[Black "Patil, Pratik"]
[Result "1-0"]
[WhiteTitle "WIM"]
[WhiteElo "2153"]
[BlackElo "2246"]
[WhiteFideId "5024528"]
[BlackFideId "5038758"]
[EventDate "2017.08.14"]

1. b3 Nf6 2. Bb2 g6 3. e4 d6 4. g3 Bg7 5. Bg2 c5 6. Ne2 Nc6 7. d4 cxd4 8. Nxd4
Bd7 9. O-O O-O 10. c4 Qc8 11. Re1 Bh3 12. Bh1 Ng4 13. Nxc6 Qxc6 14. Bxg7 Kxg7
15. Nc3 Qc5 16. Qd2 Ne5 17. Nd5 Rae8 18. Rac1 a5 19. Rc3 Bc8 20. a3 e6 21. b4
axb4 22. axb4 Nxc4 23. Qa2 Qb5 24. Nc7 Qxb4 25. Nxe8+ 1-0

[Event "24th Abu Dhabi Masters"]
[Site "Abu Dhabi UAE"]
[Date "2017.08.19"]
[Round "6.52"]
[White "Aditya, Mittal"]
[Black "Kavinda, Akila"]
[Result "1-0"]
[WhiteTitle "CM"]
[WhiteElo "2236"]
[BlackElo "2124"]
[WhiteFideId "35042025"]
[BlackFideId "9901302"]
[EventDate "2017.08.14"]

1. d4 Nf6 2. c4 g6 3. Nc3 d5 4. cxd5 Nxd5 5. Bd2 Bg7 6. e4 Nxc3 7. Bxc3 O-O 8.
Qd2 c5 9. d5 e6 10. Bxg7 Kxg7 11. Bc4 Nd7 12. Nf3 Nb6 13. O-O Qf6 14. Rac1 exd5
15. Bxd5 Nxd5 16. exd5 Bg4 17. Ng5 b6 18. Ne4 Qe5 19. Rfe1 Rad8 20. Nc3 Qd4 21.
Qg5 h6 22. Qe7 Rfe8 23. Qxe8 Rxe8 24. Rxe8 Qd2 25. Rb1 b5 26. h3 b4 27. Ne4 Qc2
28. Re1 Bf5 29. Nd6 Qxb2 30. R8e7 Kf6 31. h4 1-0

[Event "24th Abu Dhabi Masters"]
[Site "Abu Dhabi UAE"]
[Date "2017.08.19"]
[Round "6.53"]
[White "Michelle Catherina, P"]
[Black "Dileep, Kumar R"]
[Result "1/2-1/2"]
[WhiteTitle "WIM"]
[WhiteElo "2101"]
[BlackElo "2234"]
[WhiteFideId "5005736"]
[BlackFideId "25014927"]
[EventDate "2017.08.14"]

1. c4 e5 2. Nc3 Nc6 3. g3 Nf6 4. Bg2 Be7 5. e3 O-O 6. Nge2 d6 7. O-O Bf5 8. e4
Be6 9. Nd5 Nd4 10. Nxd4 exd4 11. Nxe7+ Qxe7 12. d3 Nd7 13. f4 f6 14. b3 Rab8 15.
Bb2 c5 16. Bc1 b5 17. h4 Kh8 18. h5 a6 19. g4 Rg8 20. Kf2 Qd8 21. Kg3 bxc4 22.
bxc4 Qa5 23. Qe1 Qd8 24. Bd2 Rb2 25. Ba5 Qe8 26. Rf2 Rxf2 27. Qxf2 g6 28. h6 Qb8
29. Qe1 g5 30. f5 d5+ 31. Kh3 Bf7 32. exd5 Qf8 33. Bc7 Qxh6+ 34. Kg3 Qh4+ 35.
Kf3 h5 36. Qxh4 gxh4 37. gxh5 Rg5 38. Bh3 Bxh5+ 39. Kf2 Rg8 40. Re1 Bg4 41. Bxg4
Rxg4 42. Kf3 Rg7 43. Rh1 Rh7 44. Kg4 Rg7+ 45. Kf4 Rh7 46. Kg4 Rg7+ 47. Kf3 Rh7
48. Rh3 Kg8 49. Kg4 Ne5+ 50. Bxe5 fxe5 51. d6 Kf7 52. Kg5 Rg7+ 53. Kxh4 Kf6 54.
Rg3 Rh7+ 55. Kg4 Rd7 56. Rh3 Rg7+ 57. Kf3 Kxf5 58. Rh5+ Ke6 59. Rh6+ Kf5 60.
Rh5+ Ke6 61. Rh6+ Kf5 1/2-1/2

[Event "24th Abu Dhabi Masters"]
[Site "Abu Dhabi UAE"]
[Date "2017.08.19"]
[Round "6.54"]
[White "Mithil, Ajgaonkar"]
[Black "Armstrong, Malcolm J"]
[Result "1-0"]
[WhiteElo "2224"]
[BlackElo "2109"]
[WhiteFideId "5017343"]
[BlackFideId "409049"]
[EventDate "2017.08.14"]

1. d4 d5 2. c4 c6 3. Nf3 Nf6 4. Nc3 a6 5. e3 g6 6. Bd3 Bg7 7. O-O O-O 8. b3 Bg4
9. h3 Bxf3 10. Qxf3 e6 11. Bb2 Nbd7 12. Rad1 Qe7 13. Rfe1 Rad8 14. Nb1 b5 15. a4
Rb8 16. Qe2 dxc4 17. bxc4 b4 18. c5 a5 19. Nd2 e5 20. Nc4 exd4 21. exd4 Qxe2 22.
Bxe2 Ra8 23. Ne3 Ra7 24. Bf3 Rc8 25. Bc1 Nf8 26. Nc4 Ne6 27. Nd6 Rcc7 28. d5
Nxc5 29. dxc6 Ne6 30. Nb5 Ne8 31. Rd8 Kf8 32. Rb8 Ke7 33. Nxa7 Rxa7 34. Rb7+ 1-0

[Event "24th Abu Dhabi Masters"]
[Site "Abu Dhabi UAE"]
[Date "2017.08.19"]
[Round "6.55"]
[White "Alinasab, Mobina"]
[Black "Llano Olabarrieta, Joseba"]
[Result "1-0"]
[WhiteTitle "WFM"]
[WhiteElo "2208"]
[BlackElo "2135"]
[WhiteFideId "12528897"]
[BlackFideId "32018240"]
[EventDate "2017.08.14"]

1. e4 c5 2. Nf3 e6 3. d4 cxd4 4. Nxd4 Nc6 5. Nc3 Qc7 6. g3 a6 7. Bg2 Nf6 8. O-O
h5 9. Re1 Nxd4 10. Qxd4 Bc5 11. Qd3 Ng4 12. Re2 h4 13. Bf4 Ne5 14. Nd5 exd5 15.
Bxe5 Qb6 16. Bxg7 Rg8 17. exd5+ Kd8 18. Qc3 hxg3 19. hxg3 Qb4 20. Qf6+ Kc7 21.
Qxf7 Rd8 22. a3 Qb6 23. b4 Bd6 24. c4 Bxg3 25. c5 Qb5 26. Re3 1-0

[Event "24th Abu Dhabi Masters"]
[Site "Abu Dhabi UAE"]
[Date "2017.08.19"]
[Round "6.56"]
[White "Abhilash, Reddy M.L."]
[Black "Saim, Mohamed Ilias"]
[Result "1/2-1/2"]
[BlackTitle "FM"]
[WhiteElo "2188"]
[BlackElo "2102"]
[WhiteFideId "5024668"]
[BlackFideId "7900465"]
[EventDate "2017.08.14"]

1. d4 d6 2. Nf3 g6 3. g3 Bg7 4. Bg2 Nf6 5. c4 O-O 6. Nc3 Nbd7 7. O-O e5 8. Re1
Re8 9. e4 exd4 10. Nxd4 Nc5 11. f3 c6 12. Be3 a6 13. Qd2 Qc7 14. Rad1 Nfd7 15.
b4 Ne6 16. Nxe6 Rxe6 17. Rc1 Re8 18. f4 Nb6 19. Qd3 Bf8 20. Bd4 Qd8 21. Qf1 Be6
22. Nd1 d5 23. f5 Bc8 24. fxg6 hxg6 25. exd5 Rxe1 26. Qxe1 cxd5 27. cxd5 Bh6 28.
Rc3 Na4 29. Ra3 Bd7 30. Qe5 f6 31. Qe4 Kh7 32. Rf3 f5 33. Qe5 Qe8 34. Qd6 Rc8
35. Be3 Bf8 36. Qf4 Kg8 37. Rf2 b5 38. Bf1 Qf7 39. Rd2 Be7 40. Qd4 Bf6 41. Qa7
Nc3 42. Nxc3 Bxc3 43. Rd1 Re8 44. Bc5 f4 45. gxf4 Qf5 46. Rd3 Be1 47. Qxa6 Qg4+
48. Bg2 Re2 49. Qa8+ Re8 50. Qb7 Bh4 51. Re3 Rxe3 52. Bxe3 Qd1+ 53. Bf1 Qg4+ 54.
Bg2 Qd1+ 55. Bf1 Qg4+ 56. Bg2 Qd1+ 57. Bf1 1/2-1/2

[Event "24th Abu Dhabi Masters"]
[Site "Abu Dhabi UAE"]
[Date "2017.08.19"]
[Round "6.57"]
[White "Chitlange, Sakshi"]
[Black "Raetsky, Alexander"]
[Result "0-1"]
[WhiteTitle "WIM"]
[BlackTitle "GM"]
[WhiteElo "2073"]
[BlackElo "2381"]
[WhiteFideId "35002899"]
[BlackFideId "4103203"]
[EventDate "2017.08.14"]

1. d4 d5 2. Nf3 Nc6 3. Bf4 Bg4 4. e3 e6 5. h3 Bh5 6. c4 Bb4+ 7. Nc3 Nf6 8. a3
Bxc3+ 9. bxc3 O-O 10. Bh2 dxc4 11. Bxc4 Na5 12. Be2 Rc8 13. Nd2 Bxe2 14. Qxe2 c5
15. O-O Nd5 16. Rac1 cxd4 17. cxd4 Qd7 18. Be5 f6 19. Bg3 Rxc1 20. Rxc1 Rc8 21.
Rxc8+ Qxc8 22. Qb5 b6 23. e4 Nc3 24. Qd3 Qc6 25. Bb8 Na4 26. d5 Qd7 27. Nb3 Nxb3
28. Qxb3 exd5 29. exd5 Nc5 30. Qc4 Kf7 31. d6+ Qe6 32. Qh4 h6 33. Qh5+ Kf8 34.
Qf3 Nd7 35. Bc7 Kf7 36. Kh2 g6 37. g3 h5 38. Qf4 Kg7 39. Qa4 Kh6 40. Qxa7 Qd5
41. Bxb6 Ne5 42. Be3+ g5 43. Qc5 Qe4 44. Qb4 Qd5 45. Qc5 Qe4 46. h4 Kg6 47. hxg5
Nf3+ 48. Kh3 Ng1+ 49. Kh2 Nf3+ 50. Kh3 Ne1 51. f3 Qxf3 52. Bg1 Qg2+ 53. Kh4 Nf3# 0-1

[Event "24th Abu Dhabi Masters"]
[Site "Abu Dhabi UAE"]
[Date "2017.08.19"]
[Round "6.58"]
[White "Eynullayev, Altay"]
[Black "Alothman, Abdul Wahab"]
[Result "1-0"]
[WhiteTitle "FM"]
[BlackTitle "CM"]
[WhiteElo "2255"]
[BlackElo "2047"]
[WhiteFideId "13413562"]
[BlackFideId "10300015"]
[EventDate "2017.08.14"]

1. e4 e6 2. d4 d5 3. Nc3 Nf6 4. e5 Nfd7 5. Qg4 c5 6. Nb5 cxd4 7. Nf3 Nc6 8. Bf4
a6 9. Nbxd4 Nxd4 10. Nxd4 g6 11. O-O-O Bg7 12. Qg3 Qc7 13. Nf3 Nc5 14. Bd3 Bd7
15. Kb1 Rc8 16. h4 Na4 17. Nd2 h5 18. Rh3 Bb5 19. Bxb5+ axb5 20. Qd3 O-O 21. Nf3
Nc5 22. Qe2 b4 23. Nd4 Ra8 24. Nb5 Qa5 25. a3 Ra6 26. Bd2 Rfa8 27. Kc1 Rb6 28.
Nd4 Rc8 29. Bxb4 Rxb4 30. axb4 Bh6+ 31. Kb1 Qxb4 32. Qb5 Qxb5 33. Nxb5 Ne4 34.
Nd6 Ra8 35. Nxe4 dxe4 36. Rb3 1-0

[Event "24th Abu Dhabi Masters"]
[Site "Abu Dhabi UAE"]
[Date "2017.08.19"]
[Round "6.60"]
[White "Priyanka, K"]
[Black "Arshavskij, Viktor"]
[Result "0-1"]
[WhiteElo "2106"]
[BlackElo "2141"]
[WhiteFideId "5082986"]
[BlackFideId "4125045"]
[EventDate "2017.08.14"]

1. e4 d6 2. d4 Nf6 3. Nc3 Nbd7 4. Nf3 e5 5. Bc4 Be7 6. O-O c6 7. a4 Qc7 8. Re1
h6 9. h3 g5 10. dxe5 dxe5 11. Nh2 Nf8 12. Be3 Ng6 13. Qe2 Nf4 14. Bxf4 gxf4 15.
Rad1 Bd7 16. Na2 Qa5 17. Bb3 Rg8 18. Kh1 Rg7 19. c3 O-O-O 20. Bc2 Rdg8 21. b4
Qc7 22. Rg1 h5 23. Nc1 Kb8 24. Nd3 Bg4 25. f3 Be6 26. Nf2 c5 27. Rb1 c4 28. a5
a6 29. Rbd1 Ne8 30. Nf1 Nd6 31. Rc1 Bh4 32. Nh2 b5 33. Qd2 f6 34. Rcf1 Nf7 35.
Nd1 Qa7 36. Nf2 Qe3 37. Qxe3 fxe3 38. g3 exf2 39. Rxf2 Bxg3 40. Rd2 Bxh3 41.
Rgd1 Bf4 42. Re2 Bg2+ 0-1

[Event "24th Abu Dhabi Masters"]
[Site "Abu Dhabi UAE"]
[Date "2017.08.19"]
[Round "6.61"]
[White "Al-Zaabi, Sultan"]
[Black "Varshini, V"]
[Result "1/2-1/2"]
[WhiteTitle "CM"]
[BlackTitle "WFM"]
[WhiteElo "1747"]
[BlackElo "2140"]
[WhiteFideId "9307583"]
[BlackFideId "5091241"]
[EventDate "2017.08.14"]

1. d4 d5 2. c4 e6 3. Nc3 Nf6 4. cxd5 exd5 5. Bg5 Be7 6. e3 c6 7. Bd3 Nbd7 8. Qc2
h6 9. Bh4 O-O 10. Nf3 Re8 11. O-O-O Ne4 12. Bxe4 Bxh4 13. Bh7+ Kh8 14. Bd3 Nf8
15. Ne5 Kg8 16. Rdg1 c5 17. f4 cxd4 18. exd4 Be6 19. g4 Bf6 20. h4 Bxe5 21. fxe5
g6 22. Qd2 Kg7 23. Nb5 Qb6 24. Qf4 Nd7 25. Nd6 Rh8 26. Bb5 Nf8 27. Qf6+ Kh7 28.
Be8 Rxe8 29. Qg7+ Kxg7 30. Nxe8+ Kg8 31. Nf6+ Kg7 32. Ne8+ Kg8 33. Nf6+ Kg7 34.
Ne8+ 1/2-1/2

[Event "24th Abu Dhabi Masters"]
[Site "Abu Dhabi UAE"]
[Date "2017.08.20"]
[Round "7.1"]
[White "Pantsulaia, Levan"]
[Black "Amin, Bassem"]
[Result "1/2-1/2"]
[WhiteTitle "GM"]
[BlackTitle "GM"]
[WhiteElo "2585"]
[BlackElo "2680"]
[WhiteFideId "13602071"]
[BlackFideId "10601457"]
[EventDate "2017.08.14"]

1. Nf3 Nf6 2. g3 g6 3. b3 Bg7 4. Bb2 c5 5. Bg2 d6 6. d4 cxd4 7. Nxd4 d5 8. O-O
e5 9. Nf3 e4 10. Nd4 O-O 11. c4 dxc4 12. Nd2 c3 13. Bxc3 e3 14. Nc4 exf2+ 15.
Rxf2 Nd5 16. Bb2 Nb6 17. Qd3 Na6 18. Nxb6 Qxb6 19. Raf1 Nc5 20. Qc4 Ne6 21. e3
Bd7 22. Qd5 Bc6 23. Nxc6 bxc6 24. Qxc6 Qxe3 25. Bxg7 Kxg7 26. Qc1 Qxc1 27. Rxc1
Rad8 28. Rc4 Rfe8 29. Re2 h5 30. Ra4 Re7 31. Bh3 Rd6 32. Bxe6 fxe6 33. Kf2 Rd5
34. Ra6 Kf6 35. Ke1 g5 36. Rf2+ Kg6 37. b4 Re5+ 38. Re2 Rxe2+ 39. Kxe2 Kf5 40.
h3 h4 41. gxh4 gxh4 42. b5 Rg7 43. Ra4 e5 44. Rxh4 1/2-1/2

[Event "24th Abu Dhabi Masters"]
[Site "Abu Dhabi UAE"]
[Date "2017.08.20"]
[Round "7.3"]
[White "Short, Nigel D"]
[Black "Gagare, Shardul"]
[Result "1-0"]
[WhiteTitle "GM"]
[BlackTitle "GM"]
[WhiteElo "2688"]
[BlackElo "2467"]
[WhiteFideId "400025"]
[BlackFideId "5037883"]
[EventDate "2017.08.14"]

1. d4 Nf6 2. c4 e6 3. Nc3 Bb4 4. Qc2 c5 5. dxc5 O-O 6. a3 Bxc5 7. Nf3 Be7 8. e4
d6 9. Be2 Nbd7 10. Bf4 Nh5 11. Be3 a6 12. Nd4 Nhf6 13. g4 Ne5 14. Rg1 Qc7 15. g5
Nfd7 16. b3 Nc6 17. h4 Nxd4 18. Bxd4 b5 19. Qb2 f6 20. cxb5 axb5 21. Nxb5 Qb7
22. gxf6 Nxf6 23. Rc1 Qd7 24. Nc7 Rb8 25. Nxe6 Qxe6 26. Bc4 g6 27. Bxe6+ Bxe6
28. Rc7 Bd8 29. Ra7 Rxb3 30. Qc2 Nh5 31. e5 Nf4 32. Rg3 Rb5 33. exd6 Re8 34. Be3
Rd5 35. Qc6 Nd3+ 36. Kf1 Rf8 37. Rf3 Ne5 38. Rxf8+ Kxf8 39. Bh6+ 1-0